| 000 | 01338 a2200289 4500 | ||
|---|---|---|---|
| 001 | 117335 | ||
| 003 | OSt | ||
| 005 | 20240326185225.0 | ||
| 008 | 240326b |||||||| |||| 00| 0 POR d | ||
| 020 | _a9786555002973 | ||
| 020 | _q(Broch.) | ||
| 040 |
_aBR-BrIDEA _cBR-BrIDEA |
||
| 041 | _apor | ||
| 082 | _a[Fic] | ||
| 090 |
_aA Year 5 [Fic] _bMON |
||
| 100 | _aMonigomery, Lucy Maud | ||
| 245 | 1 | 0 |
_aRilla de Ingleside _cLucy Maud Monigomery; tradução de Rafael Bonaldi; ilustrações de Beatriz Mayumi |
| 260 |
_aSão Paulo _bCiranda Cultural _c2020 |
||
| 300 |
_a320p. _e16cm x 23cm |
||
| 490 | _aUniverso Anne | ||
| 520 | _aRilla está chegando aos quinze anos e o seu primeiro baile no farol de Four Winds se aproxima trazendo também a expectativa por um romance com Kenneth Ford. Porém, os desafios que aguardam a filha caçula de Anne podem ser maiores que o anseio por um primeiro beijo, com a eminência de uma guerra que ameaça a família Blythe. Anne e Gilbert se preocupam com os seus filhos e com a ingenuidade da pequena Rilla, que terá sua coragem e amadurecimento testados por episódios que a mudarão para sempre. | ||
| 521 | _aYear 5 | ||
| 697 | _aLiteratura infantojuvenil | ||
| 700 |
_aBonaldi, Rafael _eTradutor _aMayumi, Beatriz _eIlustrador |
||
| 856 | _u00002a/00002abe.jpg | ||
| 942 |
_cBK _2udc |
||
| 999 |
_c117335 _d117335 |
||